| 000 -LEADER |
| fixed length control field |
00847cam a2200277 a 4500 |
| 001 - CONTROL NUMBER |
| control field |
13080978 |
| 005 - DATE AND TIME OF LATEST TRANSACTION |
| control field |
20180314091227.0 |
| 008 - FIXED-LENGTH DATA ELEMENTS--GENERAL INFORMATION |
| fixed length control field |
030204s2004 maua 001 0 eng d |
| 010 ## - LIBRARY OF CONGRESS CONTROL NUMBER |
| LC control number |
2003101702 |
| 020 ## - INTERNATIONAL STANDARD BOOK NUMBER |
| International Standard Book Number |
0312411235 |
| 020 ## - INTERNATIONAL STANDARD BOOK NUMBER |
| International Standard Book Number |
0312401159 (pbk.) |
| 035 ## - SYSTEM CONTROL NUMBER |
| System control number |
(NjP)4074378 |
| 035 ## - SYSTEM CONTROL NUMBER |
| System control number |
(CStRLIN)NJPGV4074378-B |
| 040 ## - CATALOGING SOURCE |
| Original cataloging agency |
YOU |
| Transcribing agency |
YOU |
| Modifying agency |
NjP |
| -- |
DLC |
| 041 ## - LANGUAGE CODE |
| Language code of text/sound track or separate title |
eng |
| 042 ## - AUTHENTICATION CODE |
| Authentication code |
lccopycat |
| 080 ## - UNIVERSAL DECIMAL CLASSIFICATION NUMBER |
| Universal Decimal Classification number |
781.17 KER |
| 082 00 - DEWEY DECIMAL CLASSIFICATION NUMBER |
| Classification number |
781.17 KER |
| Edition number |
20 |
| 100 1# - Rafti |
| Rafti |
45 |
| 101 ## - Shkurtesa |
| Shkurtesa |
MUZ |
| 245 10 - TITLE STATEMENT |
| Title |
Listen / |
| Statement of responsibility, etc |
Joseph Kerman ; Gary Tomlinson ; with Vivian Kerman. |
| 246 1# - VARYING FORM OF TITLE |
| Display text |
Title on accompanying CD-ROM: |
| Title proper/short title |
Study guide CD-ROM, a multimedia companion for Listen |
| 906 ## - LOCAL DATA ELEMENT F, LDF (RLIN) |
| a |
7 |
| b |
cbc |
| c |
copycat |
| d |
3 |
| e |
epcn |
| f |
20 |
| g |
y-genmusic |
| 942 ## - ADDED ENTRY ELEMENTS (KOHA) |
| Source of classification or shelving scheme |
|
| Item type |
Books |